La Chine du XXe siècle: des Mandchous à Mao
Đã lưu trong:
| Hovedforfatter: | |
|---|---|
| Format: | Bog |
| Sprog: | Undetermined |
| Udgivet: |
Paris
Payot
1965
|
| Fag: | |
| Tags: |
Tilføj Tag
Ingen Tags, Vær først til at tagge denne postø!
|
| Thư viện lưu trữ: | Trung tâm Học liệu Trường Đại học Cần Thơ |
|---|
| LEADER | 00513nam a2200205Ia 4500 | ||
|---|---|---|---|
| 001 | CTU_90709 | ||
| 008 | 210402s9999 xx 000 0 und d | ||
| 082 | |a 951.04 | ||
| 082 | |b D813 | ||
| 100 | |a Dubarbier, Georges | ||
| 245 | 0 | |a La Chine du XXe siècle: | |
| 245 | 0 | |b des Mandchous à Mao | |
| 245 | 0 | |c Georges Dubarbier | |
| 260 | |a Paris | ||
| 260 | |b Payot | ||
| 260 | |c 1965 | ||
| 650 | |a history | ||
| 650 | |z china | ||
| 904 | |i Bằng | ||
| 980 | |a Trung tâm Học liệu Trường Đại học Cần Thơ | ||